Přehled středních odborných učilišť s učebními a studijními obory 1987/1988 ČSR
Gespeichert in:
| 1. Verfasser: | |
|---|---|
| Format: | Buch |
| Sprache: | Tschechisch |
| Veröffentlicht: |
Praha
Ústav školských informací při MŠ ČSR
1988
|
| Tags: |
Keine Tags, Fügen Sie das erste Tag hinzu!
|
MARC
| LEADER | 00000nam a2200000 4500 | ||
|---|---|---|---|
| 001 | c024866 | ||
| 005 | 20251111090708.4 | ||
| 041 | 0 | |a cze | |
| 044 | |a CZ | ||
| 245 | 1 | 0 | |a Přehled středních odborných učilišť s učebními a studijními obory 1987/1988 ČSR |c Petr Metelák a kol. |
| 264 | 1 | |a Praha |b Ústav školských informací při MŠ ČSR |c 1988 | |
| 300 | |a 199 s. | ||
| 100 | 1 | |a Metelák, Petr | |